[Event "SLO-ch U10"]
[Site "Ptuj"]
[Date "2017.03.01"]
[Round "5"]
[White "Drama, Tilen"]
[Black "Curic, Enej"]
[Result "1-0"]
[WhiteElo "1811"]
[BlackElo "1210"]
[PlyCount "99"]
[EventDate "2017.02.27"]
[EventType "swiss"]
[EventRounds "9"]
[EventCountry "SLO"]
[SourceTitle "CBM 177 Extra"]
[Source "ChessBase"]
[SourceDate "2017.04.27"]
[SourceVersion "1"]
[SourceVersionDate "2017.04.27"]
[SourceQuality "1"]

1. e4 e5 2. Nf3 Nc6 3. d4 exd4 4. Nxd4 Bc5 5. Be3 Qf6 6. c3 Nxd4 7. Bxd4 Bxd4 8. Qxd4 Qg5 9. Qd2 Qg6 10. Qe3 Nf6 11. Nd2 0-0 12. g3 Re8 13. Bg2 d5 14. 0-0 dxe4 15. Rfe1 Bf5 16. f3 exf3 17. Qxf3 Rxe1+ 18. Rxe1 Rd8 19. Nb3 b6 20. Nd4 Bg4 21. Qf4 c5 22. Nc6 Re8 23. Rxe8+ Nxe8 24. Ne7+ Kf8 25. Nxg6+ hxg6 26. Qxg4 Nf6 27. Qc8+ Ne8 28. Bd5 Ke7 29. Qb7+ Kf6 30. Qxf7+ Ke5 31. Qxe8+ Kxd5 32. Qd7+ Ke5 33. Qxg7+ Kf5 34. Qxa7 Ke5 35. Qxb6 g5 36. Qxc5+ Ke4 37. Qxg5 Kf3 38. Qe3+ Kg4 39. Kg2 Kh5 40. Qf4 Kg6 41. Qe5 Kh6 42. Qf5 Kg7 43. Qe6 Kh7 44. Qf6 Kg8 45. Qe7 Kh8 46. Kh3 Kg8 47. Kg4 Kh8 48. Kg5 Kg8 49. Kg6 Kh8 50. Qg7# 1-0

[Event "SLO-ch U10"]
[Site "Ptuj"]
[Date "2017.03.01"]
[Round "6"]
[White "Krasevec, Jan"]
[Black "Drama, Tilen"]
[Result "0-1"]
[WhiteElo "1315"]
[BlackElo "1811"]
[PlyCount "88"]
[EventDate "2017.02.27"]
[EventType "swiss"]
[EventRounds "9"]
[EventCountry "SLO"]
[SourceTitle "CBM 177 Extra"]
[Source "ChessBase"]
[SourceDate "2017.04.27"]
[SourceVersion "1"]
[SourceVersionDate "2017.04.27"]
[SourceQuality "1"]

1. e4 c5 2. Nf3 d6 3. d4 cxd4 4. Nxd4 Nf6 5. Nc3 g6 6. Bc4 Bg7 7. f3 Qb6 8. Nde2 Nc6 9. Qd3 Nb4 10. Qd2 0-0 11. a3 Nc6 12. Qe3 Qc7 13. Bd2 Na5 14. Bb3 Nc6 15. 0-0-0 a6 16. h4 b5 17. Na2 Bb7 18. g4 Ne5 19. h5 d5 20. exd5 Nxd5 21. Qf2 Nd3+ 22. Kb1 Nxf2 23. h6 Bh8 24. Rdf1 Nxh1 25. Rxh1 Qe5 26. Nac3 Nxc3+ 27. Nxc3 Bxf3 28. Re1 Qd6 29. Bg5 e6 30. Rf1 Bxc3 31. Rxf3 Qd1+ 32. Ka2 Qxf3 33. bxc3 Qxg4 34. Bc1 Rac8 35. Bb2 Qh5 36. Kb1 Qxh6 37. Ka2 Qe3 38. Ka1 Rxc3 39. Bxc3 Qxc3+ 40. Ka2 Rd8 41. a4 bxa4 42. Bxa4 Rd2 43. Bb3 Rxc2+ 44. Bxc2 Qxc2+ 0-1

[Event "SLO-ch U10"]
[Site "Ptuj"]
[Date "2017.02.27"]
[Round "1"]
[White "Drama, Tilen"]
[Black "Gregoric, Andraz"]
[Result "0-1"]
[WhiteElo "1811"]
[BlackElo "1648"]
[PlyCount "68"]
[EventDate "2017.02.27"]
[EventType "swiss"]
[EventRounds "9"]
[EventCountry "SLO"]
[SourceTitle "CBM 177 Extra"]
[Source "ChessBase"]
[SourceDate "2017.04.27"]
[SourceVersion "1"]
[SourceVersionDate "2017.04.27"]
[SourceQuality "1"]

1. e4 e5 2. Nf3 Nf6 3. Nxe5 d6 4. Nf3 Nxe4 5. Qe2 Qe7 6. d3 Nf6 7. Nc3 Bg4 8. Bg5 Bxf3 9. Bxf6 Qxe2+ 10. Bxe2 Bxe2 11. Nd5 gxf6 12. Nxc7+ Kd7 13. Nxa8 Bg4 14. f3 Be6 15. 0-0-0 Bh6+ 16. Kb1 Nc6 17. d4 d5 18. c4 Rxa8 19. cxd5 Bf5+ 20. Ka1 Nb4 21. a3 Nd3 22. Rhf1 Rc8 23. g4 Bg6 24. f4 Nxf4 25. h3 Bc2 26. Rde1 Nd3 27. Re2 Nc1 28. Ree1 Nb3+ 29. Ka2 Bg5 30. Rg1 Nxd4 31. Rg2 Bb3+ 32. Kb1 Nf3 33. Rf1 Nd2+ 34. Rxd2 Bxd2 0-1